|
|
|
|
| LEADER |
00000cam a2200000 7i4500 |
| 001 |
0000058909 |
| 005 |
20160117.0 |
| 008 |
160117 |
| 020 |
|
|
|a 9789671141823
|
| 090 |
0 |
0 |
|a 297.577
|b ZUL
|
| 100 |
1 |
|
|a Zulkifli Mohamad al-Bakri
|c Dr.
|
| 245 |
1 |
0 |
|a Baiti jannati rumahku syurgaku
|c Dr. Zulkifli Mohamad al-Bakri
|
| 260 |
|
|
|a Nilai :
|b Pustaka Cahaya Kasturi ,
|c 2014
|
| 300 |
|
|
|a 128 p. :
|b ill. ;
|c 21 cm.
|
| 650 |
|
0 |
|a Husband and wife
|x Religious life
|
| 650 |
|
0 |
|a Islam Customs and practices
|
| 650 |
|
0 |
|a Marriage
|x Religious aspects
|x Islam
|
| 999 |
|
|
|a 0001386780
|b Book
|c Adult Collection
|e Cawangan Urban Transformation Centre
|
| 999 |
|
|
|a 0001386781
|b Book
|c Adult Collection
|e Cawangan AEON Kulaijaya
|
| 999 |
|
|
|a 0001386782
|b Book
|c Adult Collection
|e Perbadanan Perpustakaan Awam Johor
|
| 999 |
|
|
|a 0001387518
|b Book
|c Adult Collection
|e Cawangan Taman Sri Lambak
|
| 999 |
|
|
|a 0001387519
|b Book
|c Adult Collection
|e Cawangan Bukit Gambir
|
| 999 |
|
|
|a 0001387521
|b Book
|c Adult Collection
|e Cawangan Mersing
|
| 999 |
|
|
|a 0001387522
|b Book
|c Adult Collection
|e Cawangan Bandar Penawar
|
| 999 |
|
|
|a 0001387523
|b Book
|c Adult Collection
|e Cawangan Kota Tinggi
|
| 999 |
|
|
|a 0001387524
|b Book
|c Adult Collection
|e Cawangan Muar
|
| 999 |
|
|
|a 0001387525
|b Book
|c Adult Collection
|e Cawangan Tmn. Ungku Tun Aminah
|
| 999 |
|
|
|a 0001387526
|b Book
|c Adult Collection
|e Cawangan Pontian
|
| 999 |
|
|
|a 0001387527
|b Book
|c Adult Collection
|e Cawangan Bandar Tenggara
|
| 999 |
|
|
|a 0001387528
|b Book
|c Adult Collection
|e Cawangan Tangkak
|
| 999 |
|
|
|a 0001387529
|b Book
|c Adult Collection
|e Cawangan Segamat
|
| 999 |
|
|
|a 0001387530
|b Book
|c Adult Collection
|e Cawangan Batu Pahat
|
| 999 |
|
|
|a 0001711631
|b Book
|c Teenagers
|e Cawangan Sri Merlong
|